[Event "Sevastopol Waltz Rapid"]
[Site "Sevastopol"]
[Date "2021.08.26"]
[Round "1"]
[White "Kopul, Viktor"]
[Black "Truskavetsky, Alexandr"]
[Result "0-1"]
[WhiteElo "1188"]
[BlackElo "2371"]
[PlyCount "95"]
[EventDate "2021.08.26"]
[EventType "swiss (rapid)"]
[EventRounds "9"]
[EventCountry "UKR"]
[SourceTitle "CBM 204 Extra"]
[Source "ChessBase"]
[SourceDate "2021.11.30"]
[SourceVersion "1"]
[SourceVersionDate "2021.11.30"]
[SourceQuality "1"]

1. e4 c5 2. Nf3 Nc6 3. d4 cxd4 4. Nxd4 Nf6 5. Nc3 e5 6. Ndb5 d6 7. Bg5 a6 8. Na3 b5 9. Nd5 Be7 10. Bxf6 Bxf6 11. Nxf6+ Qxf6 12. c3 0-0 13. Bd3 Be6 14. 0-0 Rfd8 15. Qe2 Ne7 16. Nc2 Ng6 17. g3 Bh3 18. Rfe1 Nh4 19. Red1 Nf3+ 20. Kh1 h5 21. Ne3 Be6 22. Nf5 Bxf5 23. Qxf3 Bg4 24. Qxf6 gxf6 25. Re1 Rab8 26. Be2 Be6 27. Bxh5 b4 28. cxb4 Rxb4 29. b3 a5 30. Rac1 a4 31. Re3 a3 32. Kg2 d5 33. exd5 Rxd5 34. Rc4 Rxc4 35. bxc4 Rd2 36. Rxa3 Bxc4 37. Ra7 Bxa2 38. Ra5 e4 39. Rf5 Kg7 40. Ra5 e3 41. Rf5 e2 42. Bxe2 Rxe2 43. Rf4 Bd5+ 44. Kh3 Ra2 45. Kh4 Kg6 46. Kh3 f5 47. Kh4 Ra8 48. g4 0-1